01274nam a22002177a 450000500170000000800410001702000180005804000070007604100120008308200190009510000170011424500620013126000410019330000300023436500570026452006350032165000170095665000250097365000170099865000410101520260331155450.0260331b |||||||| |||| 00| 0 eng d a9788126508631 cAL aEnglish a621.3815bMAID aAnil K Maini aDigital electronicsb: principles and integrated circuits aNew DelhibWiley India (P) Ltdc2024 axxiii,584p.bPBc23x18cm. aVBI-2645b₹644.25c₹d₹859.00e25%f20-02-2026 aThe fundamentals and implementation of digital electronics are essential to understanding the design and working of consumer/industrial electronics, communications, embedded systems, computers, security and military equipment. Devices used in applications such as these are constantly decreasing in size and employing more complex technology. It is therefore essential for engineers and students to understand the fundamentals, implementation and application principles of digital electronics, devices and integrated circuits. This is so that they can use the most appropriate and effective technique to suit their technical need. aAs per AICTE aDigital fundamentals aLogic design aIntegrated circuits and applications